| 000 | 00379 a2200145 4500 | ||
|---|---|---|---|
| 001 | 82272 | ||
| 020 | _a978-969-494-546-0 | ||
| 082 | _a123.5/SAL | ||
| 090 |
_c39899 _d39899 |
||
| 100 | _aSalahuddin S.V. | ||
| 245 |
_aDestiny or free will the human paradox _hEnglish |
||
| 260 |
_aKarachi _bParamount Publishing Enterprise |
||
| 300 | _a244p. | ||
| 500 | _aGeneral Collection | ||
| 942 |
_aCAE NUST _k123.5/SAL |
||
| 999 |
_c317345 _d317345 |
||